000 01913cam a2200325 4500500
005 20260322003711.0
041 _afre
042 _adc
100 1 0 _aBonhommet, Julie
_eauthor
700 1 0 _aDoineau, Emmanuelle
_eauthor
245 0 0 _aUn outil thérapeutique pour les auteur·es de violence conjugale : le cycle de la violence conjugale
260 _c2025.
500 _a100
520 _aLe cycle de la violence conjugale (modèle de Walker) figure parmi les outils incontournables dans notre pratique clinique auprès des auteur·es de violence conjugale. Nous décrivons dans cet article la façon dont nous l’utilisons comme support thérapeutique en séance de groupe, sous le format d’un schéma simple, avec des supports vidéo et sous forme de jeu de rôle. Il facilite l’identification des problématiques violentes chez le sujet et participe au travail de responsabilisation des auteur·es de violence
520 _aThe cycle of domestic violence (Walker’s model) is a key tool in our clinical practice with perpetrators of domestic violence. We describe how we use it as a therapeutic support in group sessions, in a simple format, using video support and role-playing. It facilitates the identification of violent issues in the subject and helps to make the perpetrators of violence more accountable.
690 _adépendance affective
690 _aemprise
690 _apartenaire intime violent
690 _apassage à l’acte
690 _apsychothérapie de groupe
690 _aviolence conjugale
690 _aabusive intimate partner
690 _aacting out
690 _acontrol
690 _adomestic violence
690 _aemotional dependence
690 _agroup psychotherapy
786 0 _nEmpan | 140 | 4 | 2025-11-25 | p. 124-133 | 1152-3336
856 4 1 _uhttps://shs.cairn.info/revue-empan-2025-4-page-124?lang=fr&redirect-ssocas=7080
999 _c1734248
_d1734248